| 000 | 00922nam a2200253 i 4500 | ||
|---|---|---|---|
| 001 | bg | ||
| 100 | 1 | _aDUBER, Bogumiła | |
| 245 | 1 | 0 |
_aPreferencje turystyczne mieszkańców Opolszczyzny i ich uwarunkowania / _cBogumiła Duber. |
| 260 |
_aOpole : _bPO. Oficyna Wydawnicza, _c2003. |
||
| 300 |
_a125 s. : _bil., mapy ; _c24 cm. |
||
| 490 | 1 |
_aStudia i Monografie / Politechnika Opolska, _x1429-6063 ; _vz. 137 |
|
| 500 | _aStreszcz. ang. | ||
| 504 | _aBibliogr. | ||
| 650 | 9 |
_aPostawy _zPolska _yod 1989 r. |
|
| 650 | 9 |
_aTurystyka _xsocjologia _zPolska _yod 1989 r. |
|
| 650 | 9 |
_aWyjazdy za granicę _xsocjologia _zPolska _yod 1989 r. |
|
| 651 | 9 |
_aOpole (woj. opolskie ; okręg) _xsocjologia _yod 1989 r. |
|
| 830 | 0 |
_aStudia i Monografie (Politechnika Opolska) ; _vz. 137 |
|
| 040 | _cBPK | ||
| 041 | 0 |
_apol _beng |
|
| 080 | _a379.85:316.6](438)"1989/..." | ||
| 942 | _cKS | ||
| 008 | s pl f |000 0 pol | ||
| 999 |
_c43896 _d43896 |
||
| 856 |
_uhttp://koha.tu.koszalin.pl/cgi-bin/koha/opac-detail.pl?biblionumber=43896 _yKatalog online BPK |
||